Score 0/10 Timer 01:00
1 Play Today
% Correct
Big Mac
97.3%
Egg McMuffin
96.4%
Happy Meal
94.2%
McFlurry
94.2%
Filet-O-Fish
92.9%
Quarter Pounder
86.5%
Hash Browns
85.1%
McDouble
83.4%
Fruit 'N Yogurt Parfait
64.8%
Strawberry and Crème Pie
21.8%

Today's Daily Dose

Missing Word
I Hardly Know Her!

Word Ladder
Sentence Ending

Quick Pick
Female Firsts

Get the Picture
Triathlon Sports

Remove Ads.
Support Sporcle.
Get the best of Sporcle when you Go Orange. This ad-free experience offers more features, more stats, and more fun while also helping to support Sporcle. Thank you for becoming a member.

You're not logged in!

Compare scores with friends on all Sporcle quizzes.
OR
Log In

Show Comments

Extras

Top Quizzes Today


Score Distribution

Your Account Isn't Verified!

In order to create a playlist on Sporcle, you need to verify the email address you used during registration. Go to your Sporcle Settings to finish the process.

Report this User

Report this user for behavior that violates our Community Guidelines.

Details: